MARC details
| 000 -LEADER |
| fixed length control field |
02229nam a22003617a 4500 |
| 005 - DATE AND TIME OF LATEST TRANSACTION |
| control field |
20250724171835.0 |
| 008 - FIXED-LENGTH DATA ELEMENTS--GENERAL INFORMATION |
| fixed length control field |
250724b |||||||| |||| 00| 0 eng d |
| 020 ## - INTERNATIONAL STANDARD BOOK NUMBER |
| International Standard Book Number |
978-93-84033-57-6 (hbk) V1 |
| 020 ## - INTERNATIONAL STANDARD BOOK NUMBER |
| International Standard Book Number |
978-93-84033-58-3 (hbk) V2 |
| 020 ## - INTERNATIONAL STANDARD BOOK NUMBER |
| International Standard Book Number |
978-93-84033-59-0 (hbk) V3 |
| 020 ## - INTERNATIONAL STANDARD BOOK NUMBER |
| International Standard Book Number |
978-93-84033-60-6 (hbk) V4 |
| 020 ## - INTERNATIONAL STANDARD BOOK NUMBER |
| International Standard Book Number |
978-93-84033-90-3 (hbk) V5 |
| 020 ## - INTERNATIONAL STANDARD BOOK NUMBER |
| International Standard Book Number |
978-93-84033-91-0 (hbk) V6 |
| 020 ## - INTERNATIONAL STANDARD BOOK NUMBER |
| International Standard Book Number |
978-93-84033-92-7 (hbk) V7 |
| 020 ## - INTERNATIONAL STANDARD BOOK NUMBER |
| International Standard Book Number |
978-93-84033-93-4 (hbk) V8 |
| 020 ## - INTERNATIONAL STANDARD BOOK NUMBER |
| International Standard Book Number |
978-93-84033-94-1 (hbk) V9 |
| 020 ## - INTERNATIONAL STANDARD BOOK NUMBER |
| International Standard Book Number |
978-93-84033-95-8 (hbk) V10 |
| 020 ## - INTERNATIONAL STANDARD BOOK NUMBER |
| International Standard Book Number |
978-93-84033-96-5 (hbk) V11 |
| 037 ## - SOURCE OF ACQUISITION |
| Terms of availability |
REF |
| 040 ## - CATALOGING SOURCE |
| Original cataloging agency |
CRL |
| Transcribing agency |
CRL |
| 041 ## - LANGUAGE CODE |
| Source of code |
hin |
| Language code of text/sound track or separate title |
hin |
| 084 ## - COLON CLASSIFICATION NUMBER |
| Classification number |
O152,1N55x Q6.1-.11 |
| Assigning agency |
CRL |
| 245 ## - TITLE STATEMENT |
| Title |
राजेन्द्र मिश्र रचनावली |
| 260 ## - PUBLICATION, DISTRIBUTION, ETC. |
| Place of publication, distribution, etc. |
बिजनौर, भारत: |
| Name of publisher, distributor, etc. |
हिन्दी साहित्य निकेतन, |
| Date of publication, distribution, etc. |
2016. |
| 300 ## - PHYSICAL DESCRIPTION |
| Extent |
खण्ड 1 (1पृ.-563पृ.), खण्ड 2 (1पृ.-565पृ.), खण्ड 3 (1पृ.-553पृ.), खण्ड 4 (1पृ.-558पृ.), खण्ड 5 (1पृ.-592पृ.), खण्ड 6 (1पृ.-592पृ.), खण्ड 7 (1पृ.-536पृ.), खण्ड 8 (1पृ.-592पृ.), खण्ड 9 (1पृ.-576पृ.), खण्ड 10 (1पृ.-556पृ.), खण्ड 11 (1पृ.-560पृ.), |
| 365 ## - TRADE PRICE |
| Price amount |
11000.00 |
| Currency code |
INR |
| 440 ## - SERIES STATEMENT/ADDED ENTRY--TITLE |
| Volume/sequential designation |
खण्ड 1 - 11 |
| 650 ## - SUBJECT ADDED ENTRY--TOPICAL TERM |
| Topical term or geographic name entry element |
हिन्दी कविता |
| 650 ## - SUBJECT ADDED ENTRY--TOPICAL TERM |
| Topical term or geographic name entry element |
हिन्दी साहित्य |
| 700 ## - ADDED ENTRY--PERSONAL NAME |
| Personal name |
अग्रवाल, गिरिराजशरण |
| Relator term |
संपादक |
| 9 (RLIN) |
816389 |
| 942 ## - ADDED ENTRY ELEMENTS (KOHA) |
| Source of classification or shelving scheme |
Colon Classification (CC) |
| Koha item type |
Reference |
| Classification part |
O152,1N55x Q6.1-.11 |
| Suppress in OPAC |
No |